[Event "AUTO-BEG-154"]
[Site "http://www.queenalice.com/game.php?id=299487"]
[Date "2007.11.6"]
[Round "1"]
[White "diego_flavio14"]
[Black "Little_Link"]
[Result "1-0"]
[WhiteElo "1256"]
[BlackElo "1214"]

1. e4 e5 2. Nf3 Qe7 3. Bc4 Nf6 4. Nc3 Qc5 5. b3 Ng4 6. O-O h5 7. d4 Qe7 8. dxe5
Nxe5 9. Bb2 Nxc4 10. bxc4 Rh6 11. Nd5 Qd6 12. Ba3 Qxa3 13. Nxc7+ Kd8 14. Nxa8
Qc3 15. Qd3 Bb4 16. Ng5 Rf6 17. Rad1 Rd6 18. Nxf7+ Ke7 19. Nxd6 Kd8 20. Nxb7+
Bxb7 21. Qg3 Ba5 22. Qxb8+ Bc8 23. Qd6 Qd2 24. Qf8# 1-0

[Event "Challenge"]
[Site "http://www.queenalice.com/game.php?id=301278"]
[Date "2007.11.9"]
[Round "-"]
[White "Little_Link"]
[Black "marcelogirotto"]
[Result "0-1"]
[WhiteElo "1256"]
[BlackElo "1269"]

1. f4 d5 2. b3 Bf5 3. d4 e6 4. e3 Nf6 5. Ba3 Bxa3 6. Nxa3 Ne4 7. g4 Qh4+ 8. Ke2
Bxg4+ 9. Nf3 Qf2+ 10. Kd3 Bxf3 11. Be2 Bxe2+ 12. Qxe2 Nc6 13. Rhf1 Nb4# 0-1

[Event "Challenge"]
[Site "http://www.queenalice.com/game.php?id=301942"]
[Date "2007.11.10"]
[Round "-"]
[White "theblackfox"]
[Black "Little_Link"]
[Result "0-1"]
[WhiteElo "1828"]
[BlackElo "1228"]

1. e4 e5 2. Nf3 Nc6 3. Nc3 Nf6 4. Bc4 b5 5. Nxb5 Nxe4 6. Nxe5 Nxe5 7. Qe2 d5 8.
Bb3 Qf6 9. f3 Qh4+ 10. g3 Nxg3 11. Rg1 Nxe2+ 12. Kxe2 Qxh2+ 13. Kf1 Nxf3 14. Rg2
Qh1+ 15. Kf2 Bg4 16. Nxc7+ Kd8 17. Nxa8 Qe1# 0-1

[Event "Challenge"]
[Site "http://www.queenalice.com/game.php?id=301943"]
[Date "2007.11.10"]
[Round "-"]
[White "Little_Link"]
[Black "theblackfox"]
[Result "0-1"]
[WhiteElo "1353"]
[BlackElo "1706"]

1. e4 e5 2. f4 Nc6 3. Nf3 exf4 4. d4 Nf6 5. e5 Ne4 6. Qe2 d5 7. exd6 f5 8. Qc4
Qxd6 9. d5 Na5 10. Qb5+ Nc6 11. dxc6 b6 12. Nc3 a6 13. Qc4 b5 14. Qb3 Be6 15.
Nxb5 axb5 16. Qxb5 Be7 17. b4 Nc3 18. Qb7 O-O 19. Ng5 Bxg5 20. b5 Qd1+ 21. Kf2
Ne4+ 22. Kg1 Qd4+ 23. Be3 Qxe3# 0-1

[Event "Challenge"]
[Site "http://www.queenalice.com/game.php?id=304166"]
[Date "2007.11.15"]
[Round "-"]
[White "Little_Link"]
[Black "robertolanger"]
[Result "0-1"]
[WhiteElo "1368"]
[BlackElo "1460"]

1. e4 d5 2. exd5 Qxd5 3. Nc3 Qe5+ 4. Nge2 e6 5. d4 Qa5 6. Ng3 Nc6 7. Be2 b6 8.
O-O e5 9. dxe5 Qxe5 10. f4 Qc5+ 11. Rf2 Bb7 12. Qd3 Nd4 13. Bd1 O-O-O 14. Bf3
Bxf3 15. gxf3 Be7 16. Nce4 Qc6 17. c3 Nb3 18. Qb1 Rd1+ 19. Rf1 Bc5+ 20. Nf2
Rxf1+ 21. Nxf1 Nxa1 22. Nd2 Be3 23. Qxa1 Bxf2+ 24. Kxf2 Qc5+ 25. Ke1 Nf6 26. b4
Qg1+ 27. Nf1 Re8+ 28. Kd2 Qxf1 29. c4 Qe2+ 30. Kc3 Re5 31. Bb2 Qxf3+ 32. Kc2
Re2+ 33. Kc1 Qf1# 0-1

[Event "Challenge"]
[Site "http://www.queenalice.com/game.php?id=304167"]
[Date "2007.11.15"]
[Round "-"]
[White "Little_Link"]
[Black "Arthur0007"]
[Result "0-1"]
[WhiteElo "1355"]
[BlackElo "1542"]

1. e4 e5 2. f4 exf4 3. Bc4 Qh4+ 4. g3 fxg3 5. Qf3 Nf6 6. hxg3 Qxe4+ 7. Kf1 Qxc4+
8. d3 Qc6 9. Qe2+ Be7 10. Bf4 Qxh1 11. Qe5 d6 12. Qb5+ Bd7 13. Qc4 Bh3+ 14. Kf2
Ng4+ 15. Ke2 Qg2+ 16. Kd1 Qxg1+ 17. Kd2 Qf2+ 18. Kc3 Bf6+ 19. Kb3 Ne5 20. Qxc7
Qb6+ 21. Qxb6 axb6 22. Nc3 Be6+ 23. Kb4 Ra5 24. d4 Nbc6# 0-1

[Event "Challenge"]
[Site "http://www.queenalice.com/game.php?id=304355"]
[Date "2007.11.15"]
[Round "-"]
[White "Little_Link"]
[Black "klebert_jordan"]
[Result "0-1"]
[WhiteElo "1386"]
[BlackElo "1331"]

1. e4 e6 2. d4 Bb4+ 3. Nc3 Ba5 4. Nf3 h6 5. Bc4 Nc6 6. O-O Bb6 7. d5 Nb4 8. a3
Na6 9. Bf4 Nc5 10. d6 c6 11. b4 Qf6 12. e5 Qxf4 13. Ne2 Qxc4 14. Nd2 Qd5 15. Nc3
Qxe5 16. bxc5 Qxc5 17. Nce4 Qe5 18. Re1 Bd4 19. c3 Bb6 20. a4 a5 21. Nc4 Qd5 22.
Qe2 Ba7 23. Rad1 Qf5 24. g4 Qg6 25. h4 f5 26. Ne5 Qh7 27. gxf5 Qxf5 28. Ng4 h5
29. Ne3 Qxe4 30. f3 Qxh4 31. Qf2 Qxa4 32. f4 Qe4 33. Ng2 Bxf2+ 34. Kxf2 Qf5 35.
Re5 Qc2+ 36. Ke1 Qxg2 37. Rd2 Qg3+ 38. Rf2 Qxc3+ 39. Rd2 Qg3+ 40. Rf2 h4 41. Rg5
Qc3+ 42. Kf1 a4 43. Rxg7 Qxg7 44. Rg2 Qa1+ 45. Kf2 a3 46. Rg1 Qb2+ 47. Kf1 a2
48. Rg2 a1=Q# 0-1

[Event "Challenge380250"]
[Site "http://www.queenalice.com/game.php?id=304370"]
[Date "2007.11.15"]
[Round "-"]
[White "samuelrmgs"]
[Black "Little_Link"]
[Result "1-0"]
[WhiteElo "1238"]
[BlackElo "1377"]

1. d4 d5 2. Bg5 Nf6 3. Nc3 h6 4. Bf4 c5 5. dxc5 Nc6 6. Qd3 Nb4 7. Qd4 Nxc2+ 8.
Kd2 Nxa1 9. Nb1 e6 10. e3 Ne4+ 11. Ke1 Qa5+ 12. Nd2 Nc2+ 13. Ke2 Qxd2+ 14. Qxd2
Nxd2 15. Kxd2 Nb4 16. Bb5+ Nc6 17. Nh3 a6 18. Bxc6+ bxc6 19. Rc1 Rb8 20. Bxb8
Bxc5 21. Rxc5 O-O 22. Rxc6 Bd7 23. Rxa6 Rxb8 24. Rd6 Rxb2+ 25. Kc3 Rb7 26. Nf4
Rc7+ 27. Kb4 Rb7+ 28. Ka5 Rb5+ 29. Ka6 g5 30. Nd3 Be8 31. Ne5 Rb8 32. Nc6 Bxc6
33. Rxc6 e5 34. Rb6 1-0

[Event "Challenge"]
[Site "http://www.queenalice.com/game.php?id=304912"]
[Date "2007.11.16"]
[Round "-"]
[White "joaohumberto"]
[Black "Little_Link"]
[Result "1-0"]
[WhiteElo "1475"]
[BlackElo "1404"]

1. e4 e5 2. d3 Nf6 3. Nf3 Bd6 4. Nc3 O-O 5. Nd5 Bc5 6. Nxe5 Nxd5 7. exd5 Qf6 8.
f4 g5 9. d4 Bb4+ 10. c3 Ba5 11. fxg5 Qf5 12. Nc4 Qe4+ 13. Be3 b5 14. Nxa5 Qxe3+
15. Be2 d6 16. Nc6 Bg4 17. h3 Bh5 18. g4 Bg6 19. h4 Qe4 20. h5 Qxh1+ 21. Kd2 Be4
22. Qxh1 Bxh1 23. Rxh1 Na6 24. Bd3 Nb8 25. Bxh7+ Kxh7 26. g6+ fxg6 27. hxg6+
Kxg6 28. Ne7+ Kf7 29. Nf5 Nd7 30. Rh5 Nf6 31. Rh6 Nxg4 32. Rh4 Rg8 33. Rxg4 Rxg4
34. Nh6+ Kg6 35. Nxg4 Rf8 36. b4 Rf4 37. Ne3 Rf2+ 38. Kd3 Rxa2 39. Ke4 Rc2 40.
Nxc2 c5 41. Kd3 c4+ 42. Ke4 Kf6 43. Na3 a5 44. bxa5 b4 45. cxb4 c3 46. a6 c2 47.
Nxc2 Ke7 48. a7 Ke8 49. a8=Q+ Kd7 50. b5 Kc7 51. Qc6+ Kd8 52. b6 Ke7 53. b7 Kf6
54. Qxd6+ Kg5 55. b8=Q Kg4 56. Qf4+ Kh5 57. Qh8+ 1-0

[Event "AUTO-INT-691"]
[Site "http://www.queenalice.com/game.php?id=307393"]
[Date "2007.11.20"]
[Round "1"]
[White "Dean20"]
[Black "Little_Link"]
[Result "1-0"]
[WhiteElo "1780"]
[BlackElo "1360"]

1. g4 e5 2. Bg2 d5 3. c4 dxc4 4. Qa4+ c6 5. Qxc4 Qb6 6. Nf3 Be6 7. Qc2 Bc5 8. e3
Na6 9. Nxe5 Qc7 10. d4 Bb4+ 11. Nd2 c5 12. Nd3 Bxg4 13. a3 Qa5 14. h3 Bf5 15. e4
Be6 16. dxc5 Nxc5 17. Nxb4 Nf6 18. e5 Nd5 19. Nxd5 O-O 20. b4 Qb5 21. bxc5 Rac8
22. Ne7+ Kh8 23. Nxc8 Rxc8 24. Rb1 Qa5 25. Qe4 g6 26. Qxb7 Qxc5 27. O-O Rc7 28.
Qa8+ Rc8 29. Rb8 Qc7 30. Rxc8+ Bxc8 31. Qe4 f5 32. Qa4 Bd7 33. Qb4 h5 34. Qf8+
1-0

[Event "AUTO-INT-691"]
[Site "http://www.queenalice.com/game.php?id=307394"]
[Date "2007.11.20"]
[Round "1"]
[White "Little_Link"]
[Black "Dean20"]
[Result "0-1"]
[WhiteElo "1362"]
[BlackElo "1778"]

1. e4 e5 2. f4 exf4 3. d4 Qh4+ 4. Ke2 f3+ 5. Nxf3 Qxe4+ 6. Be3 c5 7. Nc3 Qe6 8.
Ng5 Qb6 9. Na4 Qb5+ 10. Kf3 Qxa4 11. b3 Qc6+ 12. Ke2 d5 13. c4 Be7 14. Nf3 Nf6
15. Ne5 Qc7 16. Bf4 Bd6 17. g3 Nc6 18. Bg2 Bxe5 19. dxe5 Bg4+ 20. Bf3 Nd4+ 21.
Ke3 Bxf3 22. Qd3 Ng4+ 23. Kd2 Qa5+ 24. Kc1 Bxh1 25. cxd5 Bxd5 26. h3 Nf2 27. Qe3
Qa3+ 28. Kd2 Qb2+ 29. Ke1 Nc2+ 30. Kxf2 Nxe3+ 31. Kxe3 Qxa1 0-1

[Event "AUTO-INT-691"]
[Site "http://www.queenalice.com/game.php?id=307407"]
[Date "2007.11.20"]
[Round "1"]
[White "BBurla"]
[Black "Little_Link"]
[Result "1-0"]
[WhiteElo "1469"]
[BlackElo "1357"]

1. e4 e5 2. Nf3 Nc6 3. Bb5 Bc5 4. O-O Nh6 5. d3 Ng4 6. Nd4 Bxd4 7. Qxg4 d6 8.
Qxg7 Ke7 9. Bg5+ Kd7 10. Qxf7+ Qe7 11. Qxe7# 1-0

[Event "AUTO-INT-691"]
[Site "http://www.queenalice.com/game.php?id=307408"]
[Date "2007.11.20"]
[Round "1"]
[White "Little_Link"]
[Black "BBurla"]
[Result "0-1"]
[WhiteElo "1352"]
[BlackElo "1600"]

1. d4 e6 2. e4 d5 3. Nc3 Bb4 4. a3 Bxc3+ 5. bxc3 Nf6 6. e5 Ne4 7. f3 Nxc3 8. Qd2
Na4 9. Qb4 Nb6 10. Nh3 Qh4+ 11. g3 Qh5 12. g4 Qh4+ 13. Nf2 Nc6 14. Qb5 O-O 15.
c4 Nxd4 16. Qc5 Nc2+ 17. Kd1 Nxa1 18. a4 Nxa4 19. Qa3 Qxf2 20. Be3 Qxf3+ 21. Ke1
Nc2+ 22. Kd2 Nxa3 23. Rg1 Nxc4+ 24. Kd3 Qxe3+ 25. Kc2 Qxg1 26. Bd3 b5 27. Bxc4
bxc4 28. h4 Rb8 29. h5 Rb2# 0-1

[Event "AUTO-INT-691"]
[Site "http://www.queenalice.com/game.php?id=307415"]
[Date "2007.11.20"]
[Round "1"]
[White "zecafernandes"]
[Black "Little_Link"]
[Result "0-1"]
[WhiteElo "1476"]
[BlackElo "1342"]

1. e4 e5 2. a3 f5 3. exf5 Nf6 4. Nf3 e4 5. Qe2 Nc6 6. Ng5 h6 7. Nxe4 Qe7 8. Nbc3
Nd4 9. Qd3 c5 10. Nb5 Qxe4+ 11. Qe3 Nxc2+ 0-1

[Event "AUTO-INT-691"]
[Site "http://www.queenalice.com/game.php?id=307416"]
[Date "2007.11.20"]
[Round "1"]
[White "Little_Link"]
[Black "zecafernandes"]
[Result "1-0"]
[WhiteElo "1350"]
[BlackElo "1489"]

1. e4 e5 2. f4 exf4 3. d4 Qg5 4. Nf3 Qa5+ 5. Bd2 Qa4 6. Nc3 Qb4 7. a3 Qxb2 8.
Qc1 Qxc1+ 9. Bxc1 Nf6 10. e5 Ng4 11. Bxf4 h6 12. h3 Ne3 13. Bxe3 g5 14. Nd5 Kd8
15. h4 g4 16. Nh2 1-0

[Event "Winchester"]
[Site "http://www.queenalice.com/game.php?id=311356"]
[Date "2007.11.28"]
[Round "1"]
[White "Little_Link"]
[Black "MGimenes"]
[Result "0-1"]
[WhiteElo "1352"]
[BlackElo "1867"]

1. e4 e6 2. d4 d5 3. Nc3 Bb4 4. a3 Bxc3+ 5. bxc3 dxe4 6. c4 Nc6 7. c3 Nf6 8. c5
e5 9. Be3 exd4 10. cxd4 O-O 11. Bc4 Re8 12. Nh3 Bxh3 13. gxh3 Qd7 14. Qb3 Na5
15. Bxf7+ Qxf7 16. Qb5 b6 17. cxb6 cxb6 18. Rc1 Rac8 19. Rg1 Nd5 20. Rg5 Nxe3
21. fxe3 Rxc1+ 22. Kd2 Qa2+ 23. Kxc1 Nb3+ 24. Kd1 Qd2# 0-1